| 000 | 00937nam0a22002411 4500 | ||
|---|---|---|---|
| 001 | rc\982633 | ||
| 005 | 20260407030033.0 | ||
| 035 | _a(NLR Aleph) 006150513 | ||
| 090 |
_a5757153 _c5757153 |
||
| 100 | _a20041129d1981 |||y0rusy50 ca | ||
| 101 | 0 | _arus | |
| 102 | _aRU | ||
| 105 | _aa ||||||||| | ||
| 200 | 1 |
_aАгрегат электропечной толкательный СТЦА-10.100.5/7-Ш-29-С1 _e[Каталог] _fИзготовитель_: Бакин. произв. об-ние "Азерэлектротерм" |
|
| 210 |
_aМ. _cИнформэлектро _d1981 |
||
| 215 |
_a4 с. _cил. _d29 |
||
| 225 | 1 |
_aИнформэлектро _v12.11.06-81 _iЭлектротехника СССР |
|
| 712 | 0 | 2 |
_a"Азерэлектротерм", об-ние _cБаку _3RU\NLR\AUTH\8810011886 _9521506 |
| 801 | 0 |
_aRU _bNLR _gpsbo |
|
| 801 | 1 |
_aRU _bELAR _2rusmarc |
|
| 852 |
_aNLR _bПт _j20/1-12.11.01-81 |
||
| 942 | _cBOOK | ||
| 980 | _aNB | ||